| 000 | 00339nam a2200145Ia 4500 | ||
|---|---|---|---|
| 008 | 230917s9999||||xx |||||||||||||| ||und|| | ||
| 040 |
_e126878 _aMAIN |
||
| 041 | _aEnglish | ||
| 082 | _a346.03 T952M | ||
| 100 | _aTyagi, S.P. | ||
| 245 | 0 | _aMedical negligence | |
| 260 |
_aDelhi _bVinod _c2004 |
||
| 300 | _axliv, 922p p. | ||
| 942 | _cBK | ||
| 999 |
_c129112 _d129112 |
||